Flagi miast województwa świętokrzyskiego - Statystyki

Ogólne statystyki
  • Ten quiz został rozwiązany 99 razy
  • Średni wynik to 5 z 12
Statystyki odpowiedzi
Obrazkowy Odpowiedź % Poprawnych
Kielce
100%
Sandomierz
70%
Starachowice
62%
Pińczów
48%
Chęciny
43%
Małogoszcz
28%
Połaniec
28%
Ożarów
25%
Opatowiec
17%
Kunów
16%
Radoszyce
16%
Pierzchnica
11%
Nie znaleziono quizów pasujących do podanych kryteriów
Rozkład punktacji
Procent ludzi z każdym wynikiem
Percentyl według liczby udzielonych odpowiedzi
Twoja historia wyników
Nie rozwiązałeś tego quizu